000
002550000a22000970004500
100
1
_a
Kraft, Charles H. (1924- )
245
1
0
_a
My pilgrimage in mission
300
_a
Vol. 22, Núm 4 (1998), Páginas 162-165
773
0
_t
International Bulletin
942
_c
ANA
999
_c
57318
_d
57318